=LDR 00000nam 2200000 4500 =001 INLIS000000000012739 =005 20130612104230 =008 ***********************************Ind** =035 ##$$0010-061300000012739 =041 ##$$a Ind =082 ##$$a 615.882 =090 ##$$a 615.882, Gun r =100 ##$$a Gunawan, Dedik =245 ##$$a Ramuan Tradisional untuk kesehatan Suami istri, Didik Gunawan =260 ##$$a 1977 $b Jakarta =300 ##$$a viii, 98 hlm, Ilus, 26 cm =650 ##$$a Obat Tradisional =850 ##$$a NBPNMAT